000 00644nam a22001937a 4500
999 _c175694
_d175694
005 20200915161246.0
010 _aUR-10859
020 _c300.00
_a9789389733891
035 _aU-9414
037 _bDBAD/PUB
082 _a840.8
100 _aمنو ر ر ا ہی
245 _aد يا ر غز ل
_cمنو ر ر ا ہی
246 _bDayar-e-Ghazal (Urdu)
_aby Dr. Munawar Rahi
260 _aN.Delhi
_bEducational Publishing House
_c2020 ء
270 _aH.O.D1/16,Ansari Road,Darya ganj,
_bN.Delhi
_e110002
_k45678285,23216162
_l0091-11-23211540
300 _a260 ص
_c22 Cm(Hb)
942 _2ddc
_cUR
_h840.8
_mر ا ہ